Top 5 Premier League goalscorers in last 5 seasons - Statistics

General Stats
  • This quiz has been taken 17 times
    8 since last reset
  • The average score is 14 of 25
Answer Stats
Season Goals Player % Correct
23/24 27 Erling Haaland
88%
24/25 29 Mohamed Salah
88%
24/25 23 Alexander Isak
75%
23/24 21 Alexander Isak
75%
24/25 22 Erling Haaland
75%
22/23 36 Erling Haaland
75%
22/23 30 Harry Kane
75%
20/21 23 Harry Kane
75%
21/22 23 Heung-Min Son
75%
21/22 23 Mohamed Salah
75%
21/22 17 Harry Kane
63%
22/23 19 Mohamed Salah
63%
20/21 22 Mohamed Salah
63%
24/25 20 Bryan Mbeumo
50%
24/25 20 Chris Wood
50%
23/24 22 Cole Palmer
50%
20/21 17 Heung-Min Son
50%
21/22 16 Sadio Mane
50%
21/22 18 Cristiano Ronaldo
38%
23/24 19 Ollie Watkins
38%
23/24 19 Phil Foden
38%
20/21 18 Bruno Fernandes
25%
22/23 18 Callum Wilson
25%
22/23 20 Ivan Toney
13%
20/21 17 Patrick Bamford
13%
No matching quizzes found
Score Distribution
Percent of People with Each Score
Percentile by Number Answered
Your Score History
You have not taken this quiz since the last reset